Digital image processing /(Include CD) (Record no. 189549)
[ view plain ]
| 000 -LEADER | |
|---|---|
| fixed length control field | 01349 a2200241 4500 |
| 003 - CONTROL NUMBER IDENTIFIER | |
| control field | Nust |
| 005 - DATE AND TIME OF LATEST TRANSACTION | |
| control field | 20221115122901.0 |
| 020 ## - INTERNATIONAL STANDARD BOOK NUMBER | |
| International Standard Book Number | 0-07-014479-6 |
| 020 ## - INTERNATIONAL STANDARD BOOK NUMBER | |
| International Standard Book Number | 978-0-07-014479-8 |
| 035 ## - SYSTEM CONTROL NUMBER | |
| System control number | DAW20907123 |
| 040 ## - CATALOGING SOURCE | |
| Transcribing agency | Nust |
| 082 04 - DEWEY DECIMAL CLASSIFICATION NUMBER | |
| Classification number | 621.367,JAY |
| 100 1# - MAIN ENTRY--PERSONAL NAME | |
| Personal name | Jayaraman, Subramania. |
| 9 (RLIN) | 102633 |
| 245 10 - TITLE STATEMENT | |
| Title | Digital image processing /(Include CD) |
| Statement of responsibility, etc. | S. Jayaraman, S. Esakkirajan, T. Veerakumar. |
| 260 ## - PUBLICATION, DISTRIBUTION, ETC. | |
| Place of publication, distribution, etc. | New Delhi ; |
| -- | London : |
| Name of publisher, distributor, etc. | Tata McGraw-Hill Education, |
| Date of publication, distribution, etc. | c2009. |
| 300 ## - PHYSICAL DESCRIPTION | |
| Extent | xvii, 723 p., 4 p. of plates : |
| Other physical details | ill. (some col.) ; |
| Dimensions | 24 cm. + |
| Accompanying material | 1 computer optical disc. |
| 505 ## - FORMATTED CONTENTS NOTE | |
| Formatted contents note | Introduction to Image processing System (Page-1), 2D Signals and Systems (Page-47), Convolution and Correlation (Page-84), Image Transforms (Page-152), Image Enhancement (Page-243), Image Restoration and Denoising (Page-324), Image Segmentation (Page-368), Object Recognition (Page-408), Image Compression (Page-444), Binary Image Processing (Page-543), Colour Image Processing (Page-584), Wavelet based Image Processing (Page-611), An Introduction to Video Processing Available on the website (Page-673) |
| 650 #0 - SUBJECT ADDED ENTRY--TOPICAL TERM | |
| Topical term or geographic name entry element | Image processing |
| General subdivision | Digital techniques. |
| 9 (RLIN) | 673 |
| 651 ## - SUBJECT ADDED ENTRY--GEOGRAPHIC NAME | |
| Geographic name | (Include CD) |
| 9 (RLIN) | 8953 |
| 700 1# - ADDED ENTRY--PERSONAL NAME | |
| Personal name | Esakkirajan, S. |
| Relator code | aut |
| 9 (RLIN) | 102634 |
| 700 1# - ADDED ENTRY--PERSONAL NAME | |
| Personal name | Veerakumar, T. |
| Relator code | aut |
| 9 (RLIN) | 102635 |
| 942 ## - ADDED ENTRY ELEMENTS (KOHA) | |
| Source of classification or shelving scheme | |
| Koha item type | Book |
| Withdrawn status | Lost status | Source of classification or shelving scheme | Damaged status | Not for loan | Permanent Location | Current Location | Shelving location | Date acquired | Total Checkouts | Full call number | Barcode | Date last seen | Date last checked out | Price effective from | Koha item type | Public note |
|---|---|---|---|---|---|---|---|---|---|---|---|---|---|---|---|---|
| Military College of Signals (MCS) | Military College of Signals (MCS) | General Stacks | 12/12/2016 | 1 | 621.367,JAY | MCS35149 | 05/07/2024 | 05/02/2024 | 12/12/2016 | Book | Almirah No.30, Shelf No.3 |
